ثورة في التكنولوجيا الحقيقية / (Record no. 14268)
[ view plain ]
| 000 -الفاتح | |
|---|---|
| حقل البيانات ثابتة الطول | 01226nam a22002057a 4500 |
| 008 - عناصر البيانات ثابتة الطول - معلومات عامة | |
| حقل البيانات ثابتة الطول | 100628s2005 ua|||||r|||| 000 0 ara d |
| 082 ## - رقم تصنيف ديوى العشرى | |
| رقم الطبعة | 22 |
| رقم التصنيف | 660.6 |
| رقم المادة | م ا ر |
| 245 ## - بيان العنوان | |
| العنوان | ثورة في التكنولوجيا الحقيقية / |
| بيان المسئوليه,etc | إعداد جين ل. ماركس ؛ ترجمة هاشم أحمد محمد؛ مراجعة إبراهيد عبد المقصود إبراهيم |
| 260 ## - PUBLICATION, DISTRIBUTION, ETC. (IMPRINT) | |
| مكان الناشر او الموزع | القاهرة : |
| اسم الناشر او الموزع | المجلس الأعلى للثقافة ، 2005 |
| تاريخ النشر أو التوزيع | 2005 |
| 300 ## - الوصف المادى | |
| التعداد | 720 ص : |
| تفاصيل ماديه اخرى للوعاء | ايض ؛ |
| أبعاد الوعاء | 23 سم |
| 490 ## - بيان السلسلة | |
| -- | 94 |
| عنوان السلسلة | ؛المشروع القومي للترجمه |
| رقم المجلد/ التعيين التسلسلي | 299 |
| 500 ## - تبصرة عامة | |
| تبصرة عامة | هذه ترجمة لكتاب: A revolution in Biotechnology / Edited by jean l. Marx.Cambridge:Cambridge University, 1989 |
| 541 ## - تبصرة المصدر المباشر للتزويد | |
| مصدر التزويد | ألف باء ؛ |
| طريقة التزويد | شراء؛ |
| 650 ## - المدخل الاضافى بالموضوع-مصطلح موضوعى | |
| 9 (RLIN) | 15394 |
| مصطلح موضوعي أو اسم جغرافي كعنصر مدخل | التكنولوجيا الحيوية |
| 700 ## - المدخل الاضافى - اسم شخصى | |
| 9 (RLIN) | 15387 |
| الإسم الشخصى | ماركس، جين |
| الدور | إعداد |
| 700 ## - المدخل الاضافى - اسم شخصى | |
| 9 (RLIN) | 15391 |
| الإسم الشخصى | محمد، هاشم أحمد |
| الدور | ترجمة |
| 700 ## - المدخل الاضافى - اسم شخصى | |
| 9 (RLIN) | 15392 |
| الإسم الشخصى | إبراهيم، عبد المقصود إبراهيم |
| الدور | مراجعة |
| 942 ## - عناصر المدخل الإضافي( كوها) | |
| مصدر التصنيف او مخطط الترفيف | Dewey Decimal Classification |
| Koha [default] item type | Book - Borrowing |
| حالة التراجع | حالة الفقد | مصدر التصنيف او خطة الترفيف | حالة تلف | ليس للاعارة | مجموعات كوها | المكان الدائم | المكان الحالي | موقع الترفيف | تاريخ الاكتساب | Source of acquisition | رقم الاستدعاء | الباركود | Date last seen | نوع الوعاء |
|---|---|---|---|---|---|---|---|---|---|---|---|---|---|---|
| Dewey Decimal Classification | Alef-Baa | Central Library | Central Library | First floor | 28/06/2010 | 660.6 ثور | 000021227 | 15/07/2025 | Book - Borrowing |